<?xml version="1.0" encoding="UTF-8"?>
<marc:record xmlns:marc="http://www.loc.gov/MARC21/slim">
   <marc:leader>00000nam a2200000 a 4500</marc:leader>
   <marc:datafield ind1="1" ind2=" " tag="100">
      <marc:subfield code="a">Unterlercher, Madita</marc:subfield>
      <marc:subfield code="4">aut</marc:subfield>
      <marc:subfield code="e">Verfasser/-in</marc:subfield>
   </marc:datafield>
   <marc:datafield ind1=" " ind2=" " tag="653">
      <marc:subfield code="a">Selbstwert</marc:subfield>
   </marc:datafield>
   <marc:datafield ind1=" " ind2=" " tag="653">
      <marc:subfield code="a">Individualität</marc:subfield>
   </marc:datafield>
   <marc:datafield ind1=" " ind2=" " tag="653">
      <marc:subfield code="a">Beziehung</marc:subfield>
   </marc:datafield>
   <marc:datafield ind1=" " ind2=" " tag="653">
      <marc:subfield code="a">Scheidung</marc:subfield>
   </marc:datafield>
   <marc:datafield ind1=" " ind2=" " tag="653">
      <marc:subfield code="a">Resilienz</marc:subfield>
   </marc:datafield>
   <marc:datafield ind1=" " ind2=" " tag="653">
      <marc:subfield code="a">Einflussfaktoren</marc:subfield>
   </marc:datafield>
   <marc:datafield ind1=" " ind2=" " tag="653">
      <marc:subfield code="a">Altersspezifische Reaktionen</marc:subfield>
   </marc:datafield>
   <marc:datafield ind1=" " ind2=" " tag="653">
      <marc:subfield code="a">Trennungserlebnisse</marc:subfield>
   </marc:datafield>
   <marc:datafield ind1="0" ind2="0" tag="245">
      <marc:subfield code="a">Veränderung der Eltern-Kind-Beziehung in Folge einer Scheidung bzw. Trennung der Kindeseltern</marc:subfield>
   </marc:datafield>
   <marc:datafield ind1="0" ind2="0" tag="245">
      <marc:subfield code="c">Madita Unterlercher. Mag. Bettina Mair-Maurer</marc:subfield>
   </marc:datafield>
   <marc:datafield ind1=" " ind2="1" tag="264">
      <marc:subfield code="a">Stams</marc:subfield>
      <marc:subfield code="c">2023</marc:subfield>
   </marc:datafield>
   <marc:datafield ind1="1" ind2=" " tag="490">
      <marc:subfield code="a">Bachelorarbeit Sozialpädagogik</marc:subfield>
   </marc:datafield>
   <marc:datafield ind1="1" ind2=" " tag="520">
      <marc:subfield code="a">Die vorliegende Arbeit beschäftigt sich mit dem Thema Trennung und Scheidung und deren Auswirkungen auf die kindliche Entwicklung. Zu dieser Thematik ergibt sich folgende Forschungsfrage „Welchen Einfluss hat eine stabile Eltern-Kind-Beziehung auf Kinder bei der Verarbeitung der Trennung bzw. Scheidung der Kindeseltern?“&lt;br/&gt;Ziel ist es, Sozialpädagog:innen aufzuzeigen, welche Wichtigkeit eine stabile Eltern-Kind-Beziehung bei der kindlichen Verarbeitung einer Trennung der Kindeseltern darstellt und wie sich das Vorhandensein einer stabilen Bezugsperson positiv auf die Entwicklung von Kindern auswirken kann. Die in der Arbeit beschriebenen Reaktionen von Kindern auf die Trennung der Kindeseltern sollen verdeutlichen, wie unterschiedlich Kinder auf solch ein Ereignis reagieren können. Ebenfalls gibt es zahlreiche Einflussfaktoren, die auf die kindliche Verarbeitung einer Trennung einwirken können, wobei die Faktoren Eltern-Kind-Beziehung, Selbstwertgefühl und Resilienz im Zusammenhang mit Trennungserlebnissen ausführlich beschrieben werden. Anhand von Expert:inneninterviews und Betroffeneninterviews wird die Relevanz einer stabilen Eltern-Kind-Beziehung verdeutlicht. Mit dem Wissen um den positiven Einfluss auf die kindliche Entwicklung bei Vorhandensein einer stabilen Eltern-Kind-Bindung zählt es für Sozialpädagog:innen Kinder und Kindeseltern achtsam durch eine Trennung zu begleiten. Um diese Krise bestmöglich zu bewältigen, gilt es die Thematik mit Kindern kindgerecht zu reflektieren, sowie sie und ihre Eltern dabei zu unterstützen, eine kontinuierliche Eltern-Kind-Beziehung aufrechtzuerhalten</marc:subfield>
   </marc:datafield>
   <marc:datafield ind1=" " ind2=" " tag="041">
      <marc:subfield code="a">ger</marc:subfield>
   </marc:datafield>
   <marc:datafield ind1=" " ind2=" " tag="542">
      <marc:subfield code="d">Mag. Bettina Mair-Maurer</marc:subfield>
   </marc:datafield>
   <marc:datafield ind1="1" ind2=" " tag="521">
      <marc:subfield code="a">0</marc:subfield>
   </marc:datafield>
</marc:record>
